Il mirto e la rosa

Сохранить в:
Библиографические подробности
Главный автор: Messina Annie
Формат:
Язык:неизвестный язык
Опубликовано: Palermo Sellerio 1998
Метки: Добавить метку
Нет меток, Требуется 1-ая метка записи!

MARC

LEADER 00000nam a2200000Ia 4500
001 45
003 NUMERAZIONE-ORIGINALE-BRESCIA
005 20260206230747.0
008 260206s9999 xx 000 0 und d
100 |a Messina Annie 
245 0 |a Il mirto e la rosa 
260 |a Palermo 
260 |b Sellerio 
260 |c 1998 
500 |a La Memoria 
942 |2 ddc  |c BK  |n 0 
952 |0 0  |1 0  |2 ddc  |4 0  |6 26  |7 0  |9 28227  |a BS  |b BS  |d 2026-02-06  |i 45  |l 0  |o 2-6-*  |r 2026-02-06 22:40:31  |w 2026-02-06  |x [REVISIONARE]  |y BK 
999 |c 23927  |d 23927